Comuni della Provincia di Milano - Statistics

Statistiche generali
  • Questo quiz è stato fatto 132 volte
  • Il punteggio medio è 39 su 133
Statistiche sulle risposte
Comune % Corretto
Rho
90%
Milano
87%
Sesto San Giovanni
74%
Abbiategrasso
68%
Cinisello Balsamo
67%
Cologno Monzese
64%
San Donato Milanese
62%
San Giuliano Milanese
62%
Legnano
61%
Rozzano
59%
Segrate
59%
Cernusco sul Naviglio
58%
Bollate
57%
Arese
55%
Assago
55%
Pero
54%
Magenta
52%
Paderno Dugnano
52%
Melegnano
51%
Corsico
49%
Gorgonzola
49%
Vimodrone
49%
Lainate
48%
Pioltello
48%
Gessate
46%
Settimo Milanese
46%
Baranzate
43%
Cesano Boscone
43%
Novate Milanese
42%
Cusano Milanino
41%
Opera
41%
Melzo
39%
Parabiago
39%
Trezzano sul Naviglio
39%
Cassina de' Pecchi
38%
Trezzo sull'Adda
38%
Arluno
36%
Bresso
36%
Nerviano
36%
Carugate
35%
Cassano d'Adda
35%
Cormano
35%
Garbagnate Milanese
35%
Inveruno
35%
Busto Garolfo
30%
Castano Primo
30%
Gaggiano
30%
Peschiera Borromeo
30%
Bareggio
29%
Buccinasco
29%
Corbetta
29%
Cornaredo
29%
Albairate
28%
Rescaldina
28%
San Colombano al Lambro
28%
Solaro
28%
Cuggiono
26%
Canegrate
25%
Cesate
25%
Morimondo
25%
Pieve Emanuele
25%
Pogliano Milanese
25%
Pozzuolo Martesana
25%
Sedriano
25%
Settala
25%
Inzago
23%
Lacchiarella
23%
Paullo
23%
Trezzano Rosa
23%
Turbigo
23%
Bussero
22%
Liscate
22%
Locate di Triulzi
22%
Motta Visconti
22%
Ozzero
22%
Pantigliate
22%
Pregnana Milanese
22%
San Vittore Olona
22%
Senago
22%
Truccazzano
22%
Vignate
22%
Vittuone
22%
Arconate
20%
Binasco
20%
Cerro Maggiore
20%
Cusago
20%
Robecco sul Naviglio
20%
Rodano
20%
Vanzago
20%
Vaprio d'Adda
20%
Boffalora sopra Ticino
19%
Marcallo con Casone
19%
Rosate
19%
San Giorgio su Legnano
19%
Vanzaghello
19%
Vermezzo con Zelo
19%
Zibido San Giacomo
19%
Cisliano
17%
Dairago
17%
Masate
17%
Mediglia
17%
Mesero
17%
Pessano con Bornago
17%
Robecchetto con Induno
17%
San Zenone al Lambro
17%
Cambiago
16%
Grezzago
16%
Magnago
16%
Ossona
16%
Pozzo d'Adda
14%
Santo Stefano Ticino
14%
Villa Cortese
14%
Vizzolo Predabissi
14%
Basiglio
13%
Bellinzago Lombardo
13%
Bernate Ticino
13%
Besate
13%
Buscate
13%
Dresano
13%
Nosate
13%
Tribiano
13%
Basiano
12%
Casarile
12%
Gudo Visconti
12%
Noviglio
12%
Carpiano
10%
Cerro al Lambro
10%
Casorezzo
9%
Cassinetta di Lugagnano
9%
Colturano
9%
Bubbiano
7%
Calvignasco
4%
Vernate
3%
Nessun quiz corrispondente trovato
Distribuzione punteggi
Percentuale di utenti per punteggio
Percentile per numero di risposta
I tuoi punteggi nel tempo
Non hai fatto questo quiz